[KELLER, G., PAPASAN, J. 2018. Jediná vec. Bratislava : Easton Books. 248 s.]
Recenzia publikácie Jediná vec.
Uložené v:
| Hlavný autor: | |
|---|---|
| Médium: | Kapitola |
| Jazyk: | Slovak |
| Predmet: | |
| Tagy: |
Žiadne tagy, Buďte prvý, kto otaguje tento záznam!
|
MARC
| LEADER | 00000naa a2200000 4500 | ||
|---|---|---|---|
| 001 | 0305852 | ||
| 005 | 20250108085008.0 | ||
| 041 | 0 | |a slo | |
| 044 | |a SK | ||
| 245 | 1 | 0 | |a [KELLER, G., PAPASAN, J. 2018. Jediná vec. Bratislava : Easton Books. 248 s.] |c Ladislav Bažó |
| 520 | |a Recenzia publikácie Jediná vec. | ||
| 610 | 2 | 0 | |a rozvoj osobný |
| 610 | 2 | 0 | |a recenzie |
| 100 | 1 | |a Bažó, Ladislav, 1980- | |